000 00585nam a22001817a 4500
003 UA-OsUOA
001 18055
007 ta
008 20040418b un ||||| |||| 00| 0 ukr d
100 _aБраславець М.
942 _cSA
040 _aUA-OsUOA
_cUA-OsUOA
_dUA-OsUOA
245 _aРоботу знаходять активні
_b[Про роботу Радивилів. центру зайнятості]
300 _aС.2
955 _a0
773 0 _w0
_tПрапор перемоги
_dРадивилів
_d2004
_g№21/12 берез./
650 7 _aЗайнятість
_2UDC
999 _c304225
_d304225